Historical romances : The Prince and the pauper, A connecticut Yakee in the king Arthur's court, Personal recollected of Joan of Arc
This collection contains my 2 childhood and all-time Twain favorites - Prince & Pauper, and Connecticut Yankee - and added the magical ingredient of a historical romance I never knew Twain had written - Joan of Arc. Now that I have read this as well, I see that it may be even better than the oth...
Guardado en:
| Autor principal: | |
|---|---|
| Formato: | Libro |
| Lenguaje: | Undetermined |
| Publicado: |
New York, NY
The Library of America
1992
|
| Materias: | |
| Etiquetas: |
Agregar Etiqueta
Sin Etiquetas, Sea el primero en etiquetar este registro!
|
| Thư viện lưu trữ: | Trung tâm Học liệu Trường Đại học Cần Thơ |
|---|
| LEADER | 01073nam a2200229Ia 4500 | ||
|---|---|---|---|
| 001 | CTU_125583 | ||
| 008 | 210402s9999 xx 000 0 und d | ||
| 020 | |c 25.55 | ||
| 082 | |a 813.4 | ||
| 082 | |b T969 | ||
| 100 | |a Twain, Mark | ||
| 245 | 0 | |a Historical romances : | |
| 245 | 4 | |b The Prince and the pauper, A connecticut Yakee in the king Arthur's court, Personal recollected of Joan of Arc | |
| 245 | 0 | |c Mark Twain ( Samuel Langhorn Clemens ); Edited by Susan K. Harris | |
| 260 | |a New York, NY | ||
| 260 | |b The Library of America | ||
| 260 | |c 1992 | ||
| 520 | |a This collection contains my 2 childhood and all-time Twain favorites - Prince & Pauper, and Connecticut Yankee - and added the magical ingredient of a historical romance I never knew Twain had written - Joan of Arc. Now that I have read this as well, I see that it may be even better than the other two! | ||
| 650 | |a Historical fiction, American,Biographical fiction, American | ||
| 650 | |y 19th century,19th century | ||
| 904 | |i Minh | ||
| 980 | |a Trung tâm Học liệu Trường Đại học Cần Thơ | ||